Normal view
MARC view
Entry Topical Term
001 - CONTROL NUMBER
- control field: 28393
003 - CONTROL NUMBER IDENTIFIER
- control field: OSt
005 - DATE AND TIME OF LATEST TRANSACTION
- control field: 20211029112227.0
008 - FIXED-LENGTH DATA ELEMENTS
- fixed length control field: 211029|| aca||aabn | a|a d
040 ## - CATALOGING SOURCE
- Original cataloging agency: OSt
- Transcribing agency: OSt
150 ## - HEADING--TOPICAL TERM
- Topical term or geographic name entry element: India-Tibet, Frontiers, McMahon line, Simla agreement, Tibet,Tawang
670 ## - SOURCE DATA FOUND
- Source citation: Work cat.: (OSt): Gupta, Sonika 28392, Frontiers in flux: Indo-Tibetan border: 1946–1948
